ZEE d'Afrique - Carte Quiz - Statistiques

Statistiques générales
  • Ce quiz a été pris 116 fois
  • Le résultat moyen est 33 sur 41
Réponses sur la Carte
Les réponses sont colorées sur une échelle allant du rouge au vert en fonction du pourcentage des utilisateurs qui les ont devinées à leur premier essai. Vous pouvez retrouver ces pourcentages ci-dessous.
 
Statistiques - réponses
Réponse % Correct
Algérie
94%
Afrique du sud
93%
Maroc
92%
Libye
91%
Angola
88%
Djibouti
88%
Tunisie
88%
Egypte
87%
Madagascar
87%
Soudan
87%
Erythrée
86%
Namibie
86%
Tanzanie
86%
Mozambique
85%
Somalie
85%
Cameroun
84%
Kenya
84%
République Démocratique du Congo
84%
Mauritanie
82%
Cap-Vert
81%
Côte d'Ivoire
81%
Gabon
81%
Nigeria
81%
République du Congo
81%
Togo
81%
Sénégal
79%
Bénin
78%
Gambie
78%
Ghana
78%
São-Tomé et Principe
76%
Guinée
74%
Comores
73%
Guinée-Bissau
73%
Espagne
72%
Guinée équatoriale
72%
Île Maurice
71%
Sierra Leone
71%
France
68%
Seychelles
66%
Libéria
65%
Portugal
46%
Aucun quiz correspondant
Distribution des résultats
% des personnes avec chaque résultat
Percentile par nombre de réponses
Votre historique - résultats
Vous n’avez pas pris ce quiz